Houston Texans Coaching Staff Since 2002 - Statistics

General Stats
  • This quiz has been taken 2 times
  • The average score is 11 of 99
Answer Stats
Hint Answer % Correct
2021 DC Lovie Smith
100%
2022 HC Lovie Smith
100%
2022 DC Lovie Smith
100%
2014 HC Bill O’Brien
50%
2014 OC Bill O’Brien
50%
2015 HC Bill O’Brien
50%
2016 HC Bill O’Brien
50%
2017 HC Bill O’Brien
50%
2017 OC Bill O’Brien
50%
2018 HC Bill O’Brien
50%
2018 OC Bill O’Brien
50%
2019 HC Bill O’Brien
50%
2020 HC Bill O’Brien
50%
2023 HC DeMeco Ryans
50%
2024 HC DeMeco Ryans
50%
2025 HC DeMeco Ryans
50%
2008 OC Kyle Shanahan
50%
2009 OC Kyle Shanahan
50%
2020 DC Anthony Weaver
0%
2023 OC Bobby Slowik
0%
2024 OC Bobby Slowik
0%
2014 STC Bob Ligashesky
0%
2015 STC Bob Ligashesky
0%
2018 STC Brad Seely
0%
2019 STC Brad Seely
0%
2002 OC Chris Palmer
0%
2003 OC Chris Palmer
0%
2004 OC Chris Palmer
0%
2005 OC Chris Palmer
0%
2021 HC David Culley
0%
2002 HC Dom Capers
0%
2003 HC Dom Capers
0%
2004 HC Dom Capers
0%
2005 HC Dom Capers
0%
2009 DC Frank Bush
0%
2010 DC Frank Bush
0%
2021 STC Frank Ross
0%
2022 STC Frank Ross
0%
2023 STC Frank Ross
0%
2024 STC Frank Ross
0%
2025 STC Frank Ross
0%
2006 HC Gary Kubiak
0%
2007 HC Gary Kubiak
0%
2008 HC Gary Kubiak
0%
2009 HC Gary Kubiak
0%
2010 HC Gary Kubiak
0%
2011 HC Gary Kubiak
0%
2012 HC Gary Kubiak
0%
2013 HC Gary Kubiak
0%
2015 OC George Godsey
0%
2016 OC George Godsey
0%
2002 STC Joe Marciano
0%
2003 STC Joe Marciano
0%
2004 STC Joe Marciano
0%
2005 STC Joe Marciano
0%
2006 STC Joe Marciano
0%
2007 STC Joe Marciano
0%
2008 STC Joe Marciano
0%
2009 STC Joe Marciano
0%
2010 STC Joe Marciano
0%
2011 STC Joe Marciano
0%
2012 STC Joe Marciano
0%
2013 STC Joe Marciano
0%
2005 OC* Joe Pendry
0%
2016 STC Larry Izzo
0%
2017 STC Larry Izzo
0%
2023 DC Matt Burke
0%
2024 DC Matt Burke
0%
2025 DC Matt Burke
0%
2007 OC Mike Sherman
0%
2017 DC Mike Vrabel
0%
2025 OC Nick Caley
0%
2022 OC Pep Hamilton
0%
2006 DC Richard Smith
0%
2007 DC Richard Smith
0%
2008 DC Richard Smith
0%
2010 OC Rick Dennison
0%
2011 OC Rick Dennison
0%
2012 OC Rick Dennison
0%
2013 OC Rick Dennison
0%
2014 DC Romeo Crennel
0%
2015 DC Romeo Crennel
0%
2016 DC Romeo Crennel
0%
2018 DC Romeo Crennel
0%
2019 DC Romeo Crennel
0%
2020 HC* Romeo Crennel
0%
2019 OC Tim Kelly
0%
2020 OC Tim Kelly
0%
2021 OC Tim Kelly
0%
2020 STC Tracy Smith
0%
2006 OC Troy Calhoun
0%
2002 DC Vic Fangio
0%
2003 DC Vic Fangio
0%
2004 DC Vic Fangio
0%
2005 DC Vic Fangio
0%
2011 DC Wade Phillips
0%
2012 DC Wade Phillips
0%
2013 HC* Wade Phillips
0%
2013 DC Wade Phillips
0%
No matching quizzes found
Score Distribution
Percent of People with Each Score
Percentile by Number Answered
Your Score History
You have not taken this quiz